LIBRARY & INFORMATION CENTRE, KCAET, TAVANUR

ONLINE PUBLIC ACCESS CATALOGUE (OPAC)

Mahahyagi / (Record no. 4834)

MARC details
000 -LEADER
fixed length control field 00430cam a2200181ua 4500
041 ## - LANGUAGE CODE
Language code of text/sound track or separate title mal
082 ## - DEWEY DECIMAL CLASSIFICATION NUMBER
Classification number 894.8121
Item number AVA/MA
100 ## - MAIN ENTRY--AUTHOR NAME
Personal name Avara, Vidwan M O .
245 ## - TITLE STATEMENT
Title Mahahyagi /
260 ## - PUBLICATION, DISTRIBUTION, ETC. (IMPRINT)
Place of publication :
Name of publisher Mrs. Lucy Avara Menachery ,
Year of publication 1968.
300 ## - PHYSICAL DESCRIPTION
Number of Pages 64 ; .
942 ## - ADDED ENTRY ELEMENTS (KOHA)
Koha item type Books
Holdings
Withdrawn status Lost status Damaged status Home library Current library Date acquired Full call number Accession Number Koha item type
Withdrawn   Damaged KAUAET KAUAET 07/04/2012 894.8121 12094 Books
Withdrawn   Damaged KAUAET KAUAET 07/04/2012 894.8121 12093 Books
free website counter